000 00700nam a2200241Ia 4500
003 OSt
005 20220928115727.0
006 a|||||r|||| 00| 0
007 ta
008 220927b |||||||| |||| 00| 0 eng d
024 _a32619
037 _cTextual
040 _aSDCL
_cSDCL
_beng
041 _2eng
_aeng
082 _aV2:19'N79<N77, M0
100 _aPanda Kamalakanta
_9445790
245 0 _aNew perspectives in India's foreign policy
260 _aDelhi
_bSundeep Prakashan
_c1980
300 _axi,347p
_ccm.
700 _a Mishra Pramod Kumar
_9445791
942 _hV2:19'N79<N77, M0
_cTEXL
_2CC
999 _c760685
_d760685